[Event "AUT-chT2W 1920"]
[Site "Austria"]
[Date "2020.01.18"]
[Round "7.4"]
[White "Micheli, Carlo"]
[Black "Scheiblmaier, Robert"]
[Result "1/2-1/2"]
[WhiteElo "2212"]
[BlackElo "2177"]
[PlyCount "74"]
[EventDate "2019.10.04"]
[EventType "team-tourn"]
[EventRounds "11"]
[EventCountry "AUT"]
[SourceTitle "CBM 195 Extra"]
[Source "ChessBase"]
[SourceDate "2020.05.31"]
[SourceVersion "1"]
[SourceVersionDate "2020.05.31"]
[SourceQuality "1"]
[WhiteTeam "Jenbach II"]
[BlackTeam "Salzburg ASK"]
[WhiteTeamCountry "AUT"]
[BlackTeamCountry "AUT"]

1. c4 e6 2. Nf3 d5 3. e3 Nf6 4. b3 c5 5. Bb2 Be7 6. Be2 0-0 7. 0-0 Nc6 8. cxd5 exd5 9. d4 Bg4 10. dxc5 Bxc5 11. Nc3 a6 12. Rc1 Ba7 13. Na4 Ne4 14. Nd4 Bxe2 15. Nxe2 Qd6 16. Nd4 Rfd8 17. Nxc6 bxc6 18. Qg4 f6 19. Rfd1 Re8 20. Bd4 c5 21. Bb2 Rad8 22. Ba3 f5 23. Qe2 Rc8 24. Qd3 Red8 25. f3 Bb8 26. g3 Nxg3 27. Rc2 Ba7 28. hxg3 Qxg3+ 29. Rg2 Qxf3 30. Rf1 Qe4 31. Qc3 d4 32. Qc4+ Kh8 33. Qf7 Qxe3+ 34. Rff2 Qe1+ 35. Rf1 Qe3+ 36. Kh1 Qh3+ 37. Kg1 Qe3+ 1/2-1/2

[Event "AUT-chT2W 1920"]
[Site "Austria"]
[Date "2019.11.24"]
[Round "5.5"]
[White "Micheli, Carlo"]
[Black "Goetz, Siegmar"]
[Result "1-0"]
[WhiteElo "2212"]
[BlackElo "2063"]
[PlyCount "25"]
[EventDate "2019.10.04"]
[EventType "team-tourn"]
[EventRounds "11"]
[EventCountry "AUT"]
[SourceTitle "CBM 193 Extra"]
[Source "ChessBase"]
[SourceDate "2020.01.31"]
[SourceVersion "1"]
[SourceVersionDate "2020.01.31"]
[SourceQuality "1"]
[WhiteTeam "Jenbach II"]
[BlackTeam "Hoerbranz"]
[WhiteTeamCountry "AUT"]
[BlackTeamCountry "AUT"]

1. c4 e5 2. g3 Bc5 3. Bg2 Nc6 4. Nc3 d6 5. d3 Be6 6. Nf3 Qd7 7. Ng5 Bf5 8. a3 f6 9. Nge4 Bb6 10. Nd5 Bh3 11. 0-0 h5 12. e3 Nge7 13. Nexf6+ 1-0

[Event "AUT-chT2W 1920"]
[Site "Austria"]
[Date "2019.11.23"]
[Round "4.5"]
[White "Praxmarer, Christian"]
[Black "Micheli, Carlo"]
[Result "0-1"]
[WhiteElo "1968"]
[BlackElo "2212"]
[PlyCount "74"]
[EventDate "2019.10.04"]
[EventType "team-tourn"]
[EventRounds "11"]
[EventCountry "AUT"]
[SourceTitle "CBM 193 Extra"]
[Source "ChessBase"]
[SourceDate "2020.01.31"]
[SourceVersion "1"]
[SourceVersionDate "2020.01.31"]
[SourceQuality "1"]
[WhiteTeam "Pradl"]
[BlackTeam "Jenbach II"]
[WhiteTeamCountry "AUT"]
[BlackTeamCountry "AUT"]

1. f4 c5 2. e4 d5 3. Nc3 Nf6 4. Bb5+ Bd7 5. Bxd7+ Qxd7 6. e5 d4 7. exf6 dxc3 8. Qe2 cxb2 9. Bxb2 gxf6 10. Bxf6 Rg8 11. Nf3 Nc6 12. 0-0 0-0-0 13. Bc3 Bg7 14. Qc4 Qd5 15. Qxd5 Rxd5 16. Bxg7 Rxg7 17. Rfe1 e6 18. Re2 Rf5 19. Re4 b6 20. g3 Rd5 21. a3 h5 22. Kf2 Ne7 23. Re5 Rxe5 24. Nxe5 f6 25. Nf3 Nf5 26. a4 Rd7 27. c3 Kc7 28. Re1 Kd6 29. h3 Rg7 30. Rg1 Kd5 31. d3 c4 32. d4 a6 33. g4 hxg4 34. Rxg4 Ke4 35. Ke2 Ng3+ 36. Kf2 Rxg4 37. hxg4 Kxf4 0-1

[Event "AUT-chT2W 1617"]
[Site "Austria"]
[Date "2017.01.21"]
[Round "7.3"]
[White "Schmidlechner, Alexander"]
[Black "Micheli, Carlo"]
[Result "1/2-1/2"]
[WhiteElo "2201"]
[BlackElo "2242"]
[PlyCount "107"]
[EventDate "2016.10.28"]
[EventType "team-tourn"]
[EventRounds "11"]
[EventCountry "AUT"]
[SourceTitle "CBM 177 Extra"]
[Source "ChessBase"]
[SourceDate "2017.04.27"]
[SourceVersion "1"]
[SourceVersionDate "2017.04.27"]
[SourceQuality "1"]
[WhiteTeam "Dornbirn"]
[BlackTeam "Jenbach II"]
[WhiteTeamCountry "AUT"]
[BlackTeamCountry "AUT"]

1. d4 Nf6 2. c4 g6 3. Nc3 d5 4. Bg5 c6 5. Bxf6 exf6 6. e3 Bb4 7. Bd3 0-0 8. Nge2 dxc4 9. Bxc4 Nd7 10. 0-0 f5 11. Qd3 Qe7 12. Rad1 a5 13. Rfe1 a4 14. Qc2 Nb6 15. Bd3 Be6 16. Nf4 Rfd8 17. Nxe6 Qxe6 18. a3 Bf8 19. g3 Ra5 20. Bf1 Bg7 21. Bg2 h5 22. h4 Qc4 23. Qd2 Raa8 24. Ne2 Nd5 25. Nc1 Nf6 26. Bf1 Qe6 27. Nd3 Qe7 28. Qc2 Ne4 29. Nf4 Bh6 30. Bc4 Bxf4 31. exf4 Qf6 32. d5 b5 33. Bf1 cxd5 34. Bxb5 Rab8 35. Bxa4 Rxb2 36. Qd3 Nc3 37. Qd4 Qxd4 38. Rxd4 Ne2+ 39. Rxe2 Rxe2 40. Bc6 Re6 41. Bb5 Re4 42. Rd2 d4 43. a4 d3 44. Kg2 Kf8 45. Kf3 Rb4 46. Ke3 Rb3 47. Kf3 Ke7 48. Ke3 Rd6 49. f3 Ra3 50. Kf2 Rd5 51. Ke3 Kd8 52. Kf2 Kc7 53. Ke3 Kd6 54. Bc4 1/2-1/2

[Event "AUT-chT2W 1617"]
[Site "Austria"]
[Date "2016.10.30"]
[Round "3.3"]
[White "Micheli, Carlo"]
[Black "Hausner, Ivan"]
[Result "0-1"]
[WhiteElo "2242"]
[BlackElo "2360"]
[PlyCount "108"]
[EventDate "2016.10.28"]
[EventType "team-tourn"]
[EventRounds "11"]
[EventCountry "AUT"]
[SourceTitle "EXT 2018"]
[Source "ChessBase"]
[SourceDate "2017.10.13"]
[SourceVersion "1"]
[SourceVersionDate "2017.10.13"]
[SourceQuality "1"]
[WhiteTeam "Jenbach II"]
[BlackTeam "Zillertal"]
[WhiteTeamCountry "AUT"]
[BlackTeamCountry "AUT"]

1. e4 Nf6 2. e5 Ng8 3. d4 d6 4. Nf3 dxe5 5. Nxe5 Nd7 6. Bf4 Ngf6 7. Nc3 e6 8. Qf3 Be7 9. 0-0-0 Nb6 10. Be2 Nbd5 11. Bd2 Nxc3 12. Bxc3 0-0 13. Kb1 Qd5 14. Qh3 Ne4 15. Be1 Ng5 16. Qg3 Ne4 17. Qe3 Nd6 18. f3 Nf5 19. Qf2 c5 20. c3 cxd4 21. cxd4 Bd7 22. Bc4 Qd6 23. a3 a5 24. Nxd7 Qxd7 25. d5 Rfc8 26. Ba2 e5 27. Qe2 Bd6 28. Bf2 b5 29. Rc1 b4 30. Bc4 bxa3 31. b3 Rab8 32. Ka2 a4 33. Rb1 axb3+ 34. Rxb3 Rxb3 35. Bxb3 g6 36. h4 Qc7 37. g4 Nd4 38. Bxd4 exd4 39. Qd3 Qb6 40. Rb1 Rc3 41. Qd2 Qc5 42. h5 Rxf3 43. Rc1 Rc3 44. Rxc3 Qxc3 45. Qxc3 dxc3 46. hxg6 hxg6 47. Kb1 Kg7 48. Kc2 Bb4 49. d6 Bxd6 50. Kxc3 f6 51. Kd3 Kh6 52. Ke4 Kg5 53. Kf3 f5 54. gxf5 Kxf5 0-1

[Event "AUT-chT2W 1617"]
[Site "Austria"]
[Date "2016.10.29"]
[Round "2.3"]
[White "Spornberger, Andre"]
[Black "Micheli, Carlo"]
[Result "1-0"]
[WhiteElo "2288"]
[BlackElo "2242"]
[PlyCount "83"]
[EventDate "2016.10.28"]
[EventType "team-tourn"]
[EventRounds "11"]
[EventCountry "AUT"]
[SourceTitle "EXT 2018"]
[Source "ChessBase"]
[SourceDate "2017.10.13"]
[SourceVersion "1"]
[SourceVersionDate "2017.10.13"]
[SourceQuality "1"]
[WhiteTeam "Rochade Rum"]
[BlackTeam "Jenbach II"]
[WhiteTeamCountry "AUT"]
[BlackTeamCountry "AUT"]

1. d4 g6 2. Bf4 Bg7 3. e3 d6 4. Nf3 Nc6 5. h3 Nf6 6. Be2 0-0 7. 0-0 Qe8 8. c4 e5 9. Bh2 a6 10. Nc3 Bf5 11. Rc1 e4 12. Nd2 Qe7 13. Nd5 Nxd5 14. cxd5 Nb4 15. Qb3 a5 16. a3 Nd3 17. Bxd3 exd3 18. Qxb7 Rab8 19. Qxc7 Qxc7 20. Rxc7 Rxb2 21. Rd1 Rd8 22. Ra7 Bf8 23. Rxa5 Rc8 24. Bf4 h6 25. g4 Rcc2 26. e4 Bc8 27. Be3 f5 28. gxf5 gxf5 29. e5 dxe5 30. dxe5 f4 31. Bxf4 Bxh3 32. f3 Bc5+ 33. Kh2 Bf5 34. e6 Bd6 35. Bxd6 Rxd2+ 36. Rxd2 Rxd2+ 37. Kg3 Re2 38. Bb4 d2 39. Bxd2 Rxd2 40. Kf4 Bg6 41. Ke5 h5 42. d6 1-0

[Event "Arco op 38th"]
[Site "Arco"]
[Date "2016.10.14"]
[Round "7"]
[White "Vezzani, Stefano"]
[Black "Micheli, Carlo"]
[Result "0-1"]
[WhiteElo "2076"]
[BlackElo "2242"]
[PlyCount "108"]
[EventDate "2016.10.08"]
[EventType "swiss"]
[EventRounds "9"]
[EventCountry "ITA"]
[SourceTitle "EXT 2017"]
[Source "ChessBase"]
[SourceDate "2016.10.25"]
[SourceVersion "1"]
[SourceVersionDate "2016.10.25"]
[SourceQuality "1"]

1. e4 c5 2. Nc3 Nc6 3. g3 g6 4. Bg2 Bg7 5. Nge2 d6 6. a3 Rb8 7. Rb1 Bd7 8. b4 b6 9. Nd5 e6 10. Ne3 Nge7 11. Bb2 e5 12. c3 0-0 13. d4 Qc7 14. 0-0 f5 15. Nd5 Nxd5 16. exd5 Nd8 17. dxe5 dxe5 18. d6 Qc8 19. b5 c4 20. Bc1 Nf7 21. Be3 Rd8 22. Qa4 Nxd6 23. Bd5+ Kh8 24. f4 Nxb5 25. Rxb5 a6 26. Bxc4 axb5 27. Bxb5 Ra8 28. Qb3 Be6 29. c4 e4 30. Bxb6 Rd3 31. Qb4 Qb7 32. Bc5 Raxa3 33. Nc1 Rdc3 34. Ne2 Rcb3 35. Qd2 Rd3 36. Qc2 Ra8 37. Nc1 Rdd8 38. Nb3 Rac8 39. Qf2 Rd3 40. Rb1 Rcd8 41. Be3 Qf7 42. Kg2 Bxc4 43. Na5 Bxb5 44. Rxb5 Qd7 45. Rb7 Qa4 46. Ra7 Bd4 47. Bxd4+ Qxd4 48. Qxd4+ R3xd4 49. Nc6 Rd2+ 50. Kh3 R8d7 51. Ra8+ Kg7 52. Ne5 Rc7 53. Ra3 Rcc2 54. Ra7+ Kh6 0-1

[Event "Arco op 38th"]
[Site "Arco"]
[Date "2016.10.08"]
[Round "1"]
[White "Antoniacci, Ricardo"]
[Black "Micheli, Carlo"]
[Result "0-1"]
[WhiteElo "1852"]
[BlackElo "2242"]
[PlyCount "86"]
[EventDate "2016.10.08"]
[EventType "swiss"]
[EventRounds "9"]
[EventCountry "ITA"]
[SourceTitle "EXT 2017"]
[Source "ChessBase"]
[SourceDate "2016.10.25"]
[SourceVersion "1"]
[SourceVersionDate "2016.10.25"]
[SourceQuality "1"]

1. e4 d6 2. d4 Nf6 3. Nc3 a6 4. a4 Nc6 5. Bc4 e5 6. Nf3 Bg4 7. Be3 Be7 8. d5 Na5 9. Be2 c5 10. Nd2 Bd7 11. 0-0 0-0 12. f4 exf4 13. Bxf4 Ne8 14. Qe1 Bh4 15. Bg3 Bf6 16. Nf3 Bg4 17. e5 dxe5 18. Nxe5 Bxe2 19. Qxe2 Nd6 20. Qg4 Bxe5 21. Bxe5 f6 22. Bxd6 Qxd6 23. Ne4 Qe5 24. Rae1 f5 25. Qg5 Qxd5 26. Ng3 Qd4+ 27. Kh1 h6 28. Qh5 Qg4 29. Rxf5 Qxh5 30. Rxh5 b6 31. b3 Rae8 32. Rxe8 Rxe8 33. Kg1 Nc6 34. Rd5 Re1+ 35. Kf2 Rc1 36. Rd6 Rxc2+ 37. Kf1 Nd4 38. Rxb6 a5 39. Ne4 c4 40. b4 c3 41. bxa5 Rc1+ 42. Kf2 c2 43. Nc3 Kh7 0-1

[Event "Wch Seniors 65 25th"]
[Site "Acqui Terme"]
[Date "2015.11.12"]
[Round "3"]
[White "Micheli, Carlo"]
[Black "Birnboim, Nathan"]
[Result "0-1"]
[WhiteElo "2279"]
[BlackElo "2360"]
[PlyCount "90"]
[EventDate "2015.11.10"]
[EventType "swiss"]
[EventRounds "11"]
[EventCountry "ITA"]
[SourceTitle "CBM 169 Extra"]
[Source "ChessBase"]
[SourceDate "2015.12.18"]
[SourceVersion "1"]
[SourceVersionDate "2015.12.18"]
[SourceQuality "1"]

1. e4 c5 2. Nf3 Nc6 3. d4 cxd4 4. Nxd4 Nf6 5. Nc3 e5 6. Ndb5 d6 7. Nd5 Nxd5 8. exd5 Nb8 9. c4 Be7 10. Be2 0-0 11. 0-0 Nd7 12. Be3 a6 13. Nc3 f5 14. f3 Bg5 15. Bf2 b6 16. b4 Rb8 17. Bd3 e4 18. fxe4 f4 19. Ne2 f3 20. gxf3 Rxf3 21. Bd4 Rxf1+ 22. Qxf1 Qe7 23. Ng3 g6 24. Be2 Bf6 25. Bxf6 Nxf6 26. Qf4 Nd7 27. Rf1 Kg7 28. h4 Qf6 29. Qg5 Qxg5 30. hxg5 Ne5 31. Rf6 Nf7 32. e5 dxe5 33. Rc6 Nxg5 34. Rc7+ Kf6 35. c5 bxc5 36. bxc5 Bf5 37. Rc6+ Ke7 38. Rxa6 Nh3+ 39. Kg2 Nf4+ 40. Kf3 Nxd5 41. Ra7+ Kf6 42. Rxh7 Rc8 43. Bc4 Rxc5 44. Bb3 Rc3+ 45. Kf2 Nf4 0-1

[Event "EU-chT Seniors"]
[Site "Vienna"]
[Date "2015.07.16"]
[Round "5.4"]
[White "Gyrlea, Viktor"]
[Black "Micheli, Carlo"]
[Result "0-1"]
[WhiteElo "2390"]
[BlackElo "2309"]
[PlyCount "44"]
[EventDate "2015.07.12"]
[EventType "team-swiss"]
[EventRounds "9"]
[EventCountry "AUT"]
[SourceTitle "CBM 167 Extra"]
[Source "ChessBase"]
[SourceDate "2015.09.14"]
[SourceVersion "1"]
[SourceVersionDate "2015.09.14"]
[SourceQuality "1"]
[WhiteTeam "Moldova"]
[BlackTeam "Italy"]
[WhiteTeamCountry "MDA"]
[BlackTeamCountry "ITA"]

1. e4 c5 2. Nc3 Nc6 3. Bb5 d6 4. Nge2 Nf6 5. 0-0 Bd7 6. d4 cxd4 7. Nxd4 e6 8. Bg5 Be7 9. Nf3 Qc7 10. Qd2 a6 11. Be2 h6 12. Bh4 g5 13. Bg3 Nh5 14. Rad1 Nxg3 15. hxg3 0-0-0 16. a3 g4 17. Nh4 Ne5 18. Qd4 Kb8 19. Kh2 Bc6 20. f4 gxf3 21. Bxf3 Bxh4 22. gxh4 d5 0-1

[Event "EU-chT Seniors"]
[Site "Vienna"]
[Date "2015.07.13"]
[Round "2.3"]
[White "Stokes, Michael"]
[Black "Micheli, Carlo"]
[Result "1/2-1/2"]
[WhiteElo "2161"]
[BlackElo "2309"]
[PlyCount "54"]
[EventDate "2015.07.12"]
[EventType "team-swiss"]
[EventRounds "9"]
[EventCountry "AUT"]
[SourceTitle "CBM 167 Extra"]
[Source "ChessBase"]
[SourceDate "2015.09.14"]
[SourceVersion "1"]
[SourceVersionDate "2015.09.14"]
[SourceQuality "1"]
[WhiteTeam "England"]
[BlackTeam "Italy"]
[WhiteTeamCountry "ENG"]
[BlackTeamCountry "ITA"]

1. e4 c5 2. d4 cxd4 3. c3 dxc3 4. Nxc3 Nc6 5. Nf3 e6 6. Bc4 Nf6 7. Qe2 d6 8. 0-0 Be7 9. Rd1 Bd7 10. Bg5 0-0 11. Bxf6 gxf6 12. Nb5 Qb8 13. Qd2 Rd8 14. Qf4 Ne5 15. Nxe5 fxe5 16. Qh6 Bc6 17. Re1 Kh8 18. Qh5 Rf8 19. Re3 Rg8 20. Qxf7 Bg5 21. Rg3 d5 22. exd5 exd5 23. Be2 a6 24. Nc3 d4 25. Bd3 Rg7 26. Qf5 dxc3 27. Rxg5 Qc7 1/2-1/2

[Event "EU-chT Seniors"]
[Site "Vienna"]
[Date "2015.07.12"]
[Round "1.3"]
[White "Micheli, Carlo"]
[Black "Woeber, Friedrich"]
[Result "1-0"]
[WhiteElo "2309"]
[BlackElo "2115"]
[PlyCount "165"]
[EventDate "2015.07.12"]
[EventType "team-swiss"]
[EventRounds "9"]
[EventCountry "AUT"]
[SourceTitle "CBM 167 Extra"]
[Source "ChessBase"]
[SourceDate "2015.09.14"]
[SourceVersion "1"]
[SourceVersionDate "2015.09.14"]
[SourceQuality "1"]
[WhiteTeam "Italy"]
[BlackTeam "Niederoesterreich"]
[WhiteTeamCountry "ITA"]
[BlackTeamCountry "AUT"]

1. e4 c5 2. Nf3 Nc6 3. d4 cxd4 4. Nxd4 g6 5. c4 Bg7 6. Nc2 d6 7. Be2 f5 8. exf5 Bxf5 9. Ne3 Nh6 10. 0-0 0-0 11. Na3 Nd4 12. Bd3 e6 13. Nxf5 Nhxf5 14. Bd2 Qh4 15. Rc1 Bh6 16. Rc3 Bxd2 17. Qxd2 Rac8 18. Re1 Qf6 19. Be4 Rc7 20. Rd3 Rd8 21. b3 e5 22. f4 Re7 23. fxe5 dxe5 24. Nb5 a6 25. Nc3 Red7 26. Nd5 Qg7 27. Qg5 Rf8 28. h3 Nd6 29. Rde3 Nxe4 30. Rxe4 Rf5 31. Qg3 Nc6 32. Qe3 Qf8 33. Kh2 Rdf7 34. Qg3 Qa3 35. Ne3 Rf4 36. Ng4 Qf8 37. Nxe5 Rxe4 38. Rxe4 Re7 39. Rf4 Qe8 40. Ng4 Qb8 41. Nh6+ Kh8 42. Ng4 Kg8 43. Nf6+ Kg7 44. Nd5 Re2 45. Nc3 Re7 46. Re4 Qe8 47. Qc7 Rxc7 48. Rxe8 Kf7 49. Rh8 Ke6 50. Nd5 Rf7 51. Kg3 Ke5 52. Re8+ Kd6 53. Re4 b5 54. Ne3 Kc5 55. a3 b4 56. axb4+ Kxb4 57. Re6 Kc5 58. Ng4 Rb7 59. Nf6 Rxb3+ 60. Kf4 Rb7 61. Ne4+ Kb6 62. c5+ Kc7 63. Nf6 Rb4+ 64. Kg5 Rb2 65. g4 a5 66. Ne8+ Kb7 67. Nd6+ Kc7 68. Ne8+ Kd7 69. Rd6+ Kxe8 70. Rxc6 Rb5 71. Kh6 a4 72. Rc8+ Kf7 73. c6 Rc5 74. Kxh7 Rc3 75. h4 Rh3 76. h5 gxh5 77. g5 Rg3 78. c7 Rxg5 79. Ra8 h4 80. Kh6 Rc5 81. c8Q Rxc8 82. Rxc8 h3 83. Rc3 1-0

[Event "ITA-chT 46th"]
[Site "Condino"]
[Date "2014.05.02"]
[Round "4.5"]
[White "Cappai, Davide"]
[Black "Micheli, Carlo"]
[Result "1/2-1/2"]
[WhiteElo "2237"]
[BlackElo "2289"]
[PlyCount "52"]
[EventDate "2014.04.30"]
[EventType "team-swiss"]
[EventRounds "7"]
[EventCountry "ITA"]
[SourceTitle "CBM 160 Extra"]
[Source "ChessBase"]
[SourceDate "2014.07.01"]
[SourceVersion "1"]
[SourceVersionDate "2014.07.01"]
[SourceQuality "1"]
[WhiteTeam "Arrocco"]
[BlackTeam "Marostica Pizzato Elettrica"]
[WhiteTeamCountry "ITA"]
[BlackTeamCountry "ITA"]

1. d4 d6 2. e4 Nf6 3. Nc3 a6 4. g3 b5 5. a3 Bb7 6. Bg2 Nbd7 7. Nge2 e5 8. 0-0 g6 9. h3 Bg7 10. d5 0-0 11. Bg5 Nb6 12. b3 Rc8 13. Qd2 c6 14. dxc6 Rxc6 15. a4 bxa4 16. Nxa4 Nxa4 17. Rxa4 Qc7 18. c4 Rb6 19. Qc2 Bc6 20. Ra3 Rfb8 21. Nc3 Nd7 22. Be3 Nc5 23. Nd5 Bxd5 24. cxd5 Rb5 25. b4 Rxb4 26. Bxc5 R4b5 1/2-1/2

[Event "EU-chT Seniors"]
[Site "Sibenik"]
[Date "2014.04.09"]
[Round "9.1"]
[White "Zhelnin, Vladimir V"]
[Black "Micheli, Carlo"]
[Result "1-0"]
[WhiteElo "2457"]
[BlackElo "2289"]
[PlyCount "82"]
[EventDate "2014.04.01"]
[EventType "team-swiss"]
[EventRounds "9"]
[EventCountry "CRO"]
[SourceTitle "CBM 159 Extra"]
[Source "ChessBase"]
[SourceDate "2014.04.24"]
[SourceVersion "1"]
[SourceVersionDate "2014.04.24"]
[SourceQuality "1"]
[WhiteTeam "Russia Seniors"]
[BlackTeam "Italy Seniors"]
[WhiteTeamCountry "RUS"]
[BlackTeamCountry "ITA"]

1. e4 g6 2. d4 Bg7 3. Nc3 d6 4. Nf3 Nf6 5. Be2 0-0 6. 0-0 a6 7. Re1 Nc6 8. d5 Ne5 9. a4 e6 10. Nd4 exd5 11. exd5 Re8 12. h3 c5 13. dxc6 Nxc6 14. Be3 d5 15. Nxc6 bxc6 16. a5 Ne4 17. Nxe4 Rxe4 18. c3 Qe7 19. Bf3 Re6 20. Qd2 Bd7 21. Bg4 f5 22. Bf3 Re8 23. Kf1 Qd6 24. g3 Bc8 25. Bf4 Qc5 26. Rxe6 Rxe6 27. Kg2 Bf6 28. h4 Qe7 29. Ra4 Qd8 30. Bg5 Rd6 31. Bxf6 Qxf6 32. Rb4 Kg7 33. Rb8 Be6 34. Qd4 Bf7 35. Rb6 h6 36. Rxa6 g5 37. hxg5 hxg5 38. Rb6 g4 39. Be2 Kg6 40. Qxf6+ Rxf6 41. a6 d4 1-0

[Event "EU-chT Seniors"]
[Site "Sibenik"]
[Date "2014.04.08"]
[Round "8.4"]
[White "Micheli, Carlo"]
[Black "Muratoglu, Salih"]
[Result "1-0"]
[WhiteElo "2289"]
[BlackElo "2020"]
[PlyCount "81"]
[EventDate "2014.04.01"]
[EventType "team-swiss"]
[EventRounds "9"]
[EventCountry "CRO"]
[SourceTitle "CBM 159 Extra"]
[Source "ChessBase"]
[SourceDate "2014.04.24"]
[SourceVersion "1"]
[SourceVersionDate "2014.04.24"]
[SourceQuality "1"]
[WhiteTeam "Italy Seniors"]
[BlackTeam "Turkey Seniors"]
[WhiteTeamCountry "ITA"]
[BlackTeamCountry "TUR"]

1. c4 c5 2. Nc3 Nc6 3. g3 g6 4. Bg2 Bg7 5. d3 Nf6 6. Bd2 d6 7. Rb1 Bd7 8. a3 0-0 9. b4 Rb8 10. b5 Na5 11. Nf3 b6 12. Qc1 Re8 13. Bh6 Bh8 14. h3 e5 15. Ng5 Be6 16. e4 Qd7 17. 0-0 Bg7 18. Bxg7 Kxg7 19. f4 exf4 20. Qxf4 Nh5 21. Qh4 h6 22. Nxe6+ Rxe6 23. Nd5 Qd8 24. Qxd8 Rxd8 25. Rf3 Rd7 26. h4 f5 27. Bh3 Re5 28. exf5 gxf5 29. Bxf5 Rf7 30. g4 Nf6 31. Nf4 Rfe7 32. Rbf1 Re1 33. g5 hxg5 34. hxg5 Nh7 35. Nh5+ Kh8 36. Be4 R1xe4 37. dxe4 Nxg5 38. Rf8+ Kh7 39. Nf6+ Kg7 40. Rg8+ Kh6 41. Rf5 1-0

[Event "EU-chT Seniors"]
[Site "Sibenik"]
[Date "2014.04.03"]
[Round "3.2"]
[White "Micheli, Carlo"]
[Black "Petran, Peter"]
[Result "1-0"]
[WhiteElo "2289"]
[BlackElo "2316"]
[PlyCount "133"]
[EventDate "2014.04.01"]
[EventType "team-swiss"]
[EventRounds "9"]
[EventCountry "CRO"]
[SourceTitle "CBM 159 Extra"]
[Source "ChessBase"]
[SourceDate "2014.04.24"]
[SourceVersion "1"]
[SourceVersionDate "2014.04.24"]
[SourceQuality "1"]
[WhiteTeam "Italy Seniors"]
[BlackTeam "Slovakia Seniors"]
[WhiteTeamCountry "ITA"]
[BlackTeamCountry "SVK"]

1. c4 g6 2. Nc3 Bg7 3. g3 c5 4. Bg2 Nc6 5. d3 e6 6. Bd2 Nge7 7. h4 h6 8. Nh3 e5 9. a3 a5 10. Rb1 d6 11. b3 Be6 12. Nd5 Rb8 13. Bc3 0-0 14. h5 g5 15. e3 g4 16. Ng1 Bd7 17. Ne2 Nxd5 18. cxd5 Ne7 19. d4 cxd4 20. exd4 f6 21. dxe5 fxe5 22. Be4 b6 23. b4 Ra8 24. Qd2 a4 25. b5 Bf5 26. Rb4 Qd7 27. Qd3 Bxe4 28. Qxe4 Qf5 29. Qxf5 Rxf5 30. Rxg4 Nxd5 31. Bd2 Kf7 32. Rhh4 Bf6 33. Rxa4 Rxa4 34. Rxa4 Rxh5 35. Nc3 Nxc3 36. Bxc3 Rh1+ 37. Ke2 Rb1 38. Ra7+ Ke6 39. a4 d5 40. Ra6 Bd8 41. Ba5 Rb2+ 42. Ke1 Rb1+ 43. Kd2 Rb2+ 44. Kc3 Rxf2 45. Bxb6 Bxb6 46. Rxb6+ Kf5 47. Rxh6 d4+ 48. Kb3 Rf1 49. b6 Ke4 50. Rh2 Rf7 51. a5 Kd5 52. Rc2 d3 53. Rc7 Rf1 54. Kc3 e4 55. b7 Rc1+ 56. Kd2 Rxc7 57. b8Q Rc2+ 58. Kd1 e3 59. Qb3+ Ke4 60. Qb4+ Kd5 61. Qb5+ Ke4 62. Qb7+ Kd4 63. Qb6+ Ke4 64. Qg6+ Kd4 65. Qf6+ Kd5 66. Qf3+ Kd4 67. Qf4+ 1-0

[Event "ITA-ch Seniors 35th"]
[Site "Arco"]
[Date "2013.04.16"]
[Round "5"]
[White "Micheli, Carlo"]
[Black "Facchetti, Gianni"]
[Result "1-0"]
[WhiteElo "2297"]
[BlackElo "2075"]
[PlyCount "113"]
[EventDate "2013.04.12"]
[EventType "swiss"]
[EventRounds "9"]
[EventCountry "ITA"]
[SourceTitle "CBM 154 Extra"]
[Source "ChessBase"]
[SourceDate "2013.06.25"]
[SourceVersion "2"]
[SourceVersionDate "2013.06.25"]
[SourceQuality "1"]

1. c4 e5 2. g3 Nf6 3. Bg2 d6 4. Nc3 c6 5. d3 Be7 6. e4 Nbd7 7. Nge2 h5 8. h3 h4 9. g4 Nh7 10. f4 Qc7 11. d4 g5 12. fxe5 dxe5 13. d5 a6 14. Be3 c5 15. Qd2 f6 16. 0-0 Qd6 17. a3 0-0 18. Nc1 b6 19. Nd3 Rd8 20. Rfc1 Nhf8 21. b4 Ng6 22. Na4 Qc7 23. Rab1 Nf4 24. Nxb6 Nxb6 25. bxc5 Na4 26. d6 Bxd6 27. cxd6 Rxd6 28. Bxf4 gxf4 29. c5 Nxc5 30. Qc3 Ne6 31. Qxc7 Nxc7 32. Nxf4 Nb5 33. Nd5 Bb7 34. Ne7+ Kf7 35. Nf5 Rd2 36. Nxh4 Rc8 37. a4 Rxc1+ 38. Rxc1 Nd6 39. Rc7+ Ke8 40. Nf5 Nxf5 41. gxf5 Rd7 42. Rxd7 Kxd7 43. a5 Bc6 44. h4 Ke7 45. Kf2 Kf8 46. Ke3 Bb5 47. Bf3 Bc6 48. Be2 Bb7 49. Bc4 Kg7 50. Bd5 Bc8 51. Kd3 Kh6 52. Kc4 Kh5 53. Kc5 Kxh4 54. Kd6 Kg5 55. Kc7 Bxf5 56. exf5 Kxf5 57. Bc4 1-0

[Event "ITA-ch Seniors 35th"]
[Site "Arco"]
[Date "2013.04.13"]
[Round "2"]
[White "Micheli, Carlo"]
[Black "Modena, Giorgio"]
[Result "1-0"]
[WhiteElo "2297"]
[BlackElo "1934"]
[PlyCount "55"]
[EventDate "2013.04.12"]
[EventType "swiss"]
[EventRounds "9"]
[EventCountry "ITA"]
[SourceTitle "CBM 154 Extra"]
[Source "ChessBase"]
[SourceDate "2013.06.25"]
[SourceVersion "2"]
[SourceVersionDate "2013.06.25"]
[SourceQuality "1"]

1. c4 c5 2. g3 g6 3. Bg2 Bg7 4. Nc3 Nc6 5. d3 d6 6. Bd2 Bd7 7. Rb1 Rb8 8. a3 Nf6 9. b4 b6 10. b5 Na5 11. Qc1 Nb7 12. Bh6 0-0 13. Bxg7 Kxg7 14. e4 e5 15. Nge2 Qc8 16. 0-0 Bh3 17. f4 Bxg2 18. Kxg2 Nd8 19. fxe5 dxe5 20. Rxf6 Kxf6 21. Qh6 Nb7 22. Nd5+ Ke6 23. Rf1 Qd8 24. Rf6+ Kd7 25. Qh3+ Ke8 26. Re6+ Kd7 27. Rxb6+ f5 28. Qxh7+ 1-0

[Event "Lienz op 17th"]
[Site "Lienz"]
[Date "2013.02.14"]
[Round "7"]
[White "Micheli, Carlo"]
[Black "Buhmann, Rainer"]
[Result "0-1"]
[WhiteElo "2292"]
[BlackElo "2608"]
[PlyCount "100"]
[EventDate "2013.02.09"]
[EventType "swiss"]
[EventRounds "9"]
[EventCountry "AUT"]
[SourceTitle "CBM 152 Extra"]
[Source "ChessBase"]
[SourceDate "2013.02.25"]
[SourceVersion "1"]
[SourceVersionDate "2013.02.25"]
[SourceQuality "1"]

1. c4 e6 2. Nf3 Nf6 3. Nc3 d5 4. e3 Be7 5. g4 c5 6. d4 dxc4 7. Bxc4 Nc6 8. Rg1 a6 9. a3 b5 10. Bd3 cxd4 11. exd4 Bb7 12. g5 Nd5 13. Bd2 Rc8 14. Ne4 Nb6 15. Qe2 g6 16. Rd1 0-0 17. Be3 Nd5 18. h4 Qc7 19. Bb1 b4 20. Ba2 Nf4 21. Qd2 Nh5 22. Ng3 Nxg3 23. Rxg3 bxa3 24. bxa3 Bxa3 25. Kf1 Bd6 26. Rh3 Nb4 27. Bb1 Qc3 28. Qxc3 Rxc3 29. Ne5 Bxe5 30. dxe5 Nd5 31. Rd3 Rfc8 32. Ke2 R3c4 33. Bd2 Nf4+ 34. Bxf4 Rxf4 35. Rb3 Bg2 36. Rh2 Bd5 37. Ra3 Rb8 38. Bd3 Rb2+ 39. Ke1 Rg4 40. Kf1 Bf3 41. Bc2 Rf4 42. Rc3 Ra2 43. Ke1 Be4 44. Bd1 Bf5 45. Bf3 Ra5 46. Re3 Ra1+ 47. Ke2 Rb4 48. Bg2 Bg4+ 49. Bf3 Rb2+ 50. Kd3 Bxf3 0-1